Fantastically funny stories / (Record no. 2109)
[ view plain ]
| 000 -LEADER | |
|---|---|
| fixed length control field | 01212cam a2200301 a 4500 |
| 005 - DATE AND TIME OF LATEST TRANSACTION | |
| control field | 20250716154355.0 |
| 020 ## - INTERNATIONAL STANDARD BOOK NUMBER | |
| International Standard Book Number | 9780753458761 |
| 040 ## - CATALOGING SOURCE | |
| Original cataloging agency | Uk |
| Transcribing agency | Uk |
| Modifying agency | DLC |
| Language of cataloging | eng |
| 050 00 - LIBRARY OF CONGRESS CALL NUMBER | |
| Classification number | PZ7.R7867 |
| Item number | Fan 2005 |
| 082 00 - DEWEY DECIMAL CLASSIFICATION NUMBER | |
| Classification number | 793.73 |
| Edition number | 22 |
| 100 1# - MAIN ENTRY--PERSONAL NAME | |
| Personal name | Rosen, Michael |
| Dates associated with a name | 1946- |
| 245 10 - TITLE STATEMENT | |
| Title | Fantastically funny stories / |
| Statement of responsibility, etc. | Michael Rosen ; illustrated by Mik Brown. |
| 260 ## - PUBLICATION, DISTRIBUTION, ETC. | |
| Place of publication, distribution, etc. | Boston : |
| Name of publisher, distributor, etc. | Kingfisher, |
| Date of publication, distribution, etc. | 2005 |
| 300 ## - PHYSICAL DESCRIPTION | |
| Extent | 61 pages : |
| Other physical details | illustrations |
| Dimensions | 20 cm |
| 500 ## - GENERAL NOTE | |
| General note | "Some of the material in this edition was previously published by Kingfisher Publications in 1988 in Silly stories"--P. 2. |
| 505 ## - FORMATTED CONTENTS NOTE | |
| Formatted contents note | T |
| 520 ## - SUMMARY, ETC. | |
| Summary, etc. | Short stories to make you howl This hilarious collection will get a laugh from any reader More than 25 short stories feature characters like a rogue elephant, a short-sighted dentist, naughty schoolboys and little girls who ask a lot of questions. |
| 521 ## - TARGET AUDIENCE NOTE | |
| Target audience note | 900 |
| Source | Lexile estimate |
| 521 ## - TARGET AUDIENCE NOTE | |
| Target audience note | T |
| Source | Raz-Plus |
| 650 #0 - SUBJECT ADDED ENTRY--TOPICAL TERM | |
| Topical term or geographic name entry element | Children's stories, English. |
| 650 #0 - SUBJECT ADDED ENTRY--TOPICAL TERM | |
| Topical term or geographic name entry element | Humorous stories, English. |
| 650 #1 - SUBJECT ADDED ENTRY--TOPICAL TERM | |
| Topical term or geographic name entry element | Short stories. |
| 650 #1 - SUBJECT ADDED ENTRY--TOPICAL TERM | |
| Topical term or geographic name entry element | Humorous stories. |
| 700 1# - ADDED ENTRY--PERSONAL NAME | |
| Personal name | Brown, Mik |
| Relator term | illustrator |
| 906 ## - LOCAL DATA ELEMENT F, LDF (RLIN) | |
| a | 7 |
| b | cbc |
| c | copycat |
| d | 2 |
| e | ncip |
| f | 20 |
| g | y-gencatlg |
| 942 ## - ADDED ENTRY ELEMENTS (KOHA) | |
| Source of classification or shelving scheme | Dewey Decimal Classification |
| Koha item type | Books |
| Suppress in OPAC | No |
| 999 ## - | |
| -- | 2109 |
| -- | 2109 |
| Withdrawn status | Lost status | Source of classification or shelving scheme | Damaged status | Not for loan | Collection | Home library | Current library | Shelving location | Date acquired | Total Checkouts | Full call number | Barcode | Date last seen | Copy number | Price effective from | Koha item type |
|---|---|---|---|---|---|---|---|---|---|---|---|---|---|---|---|---|
| Dewey Decimal Classification | Fiction | Footprints International School Library Network Toul Kork Campus | Footprints International School Library Network Toul Kork Campus | A TK Campus, 4th Floor, Room B401, Fiction Bookcases (1-6) | 11/06/2023 | ROS 793.73 PZ7.R7867 | FISTK00445 | 11/06/2023 | 1 | 11/06/2023 | Books | |||||
| Dewey Decimal Classification | Fiction | Footprints International School Library Network Toul Tom Poung Campus | Footprints International School Library Network Toul Tom Poung Campus | TTP Secondary Fiction Bookshelves | 07/16/2025 | ROS 793.73 PZ7.R7867 | 2025-1869 | 07/16/2025 | 2 | 07/16/2025 | Books |
